书目信息 |
| 题名: |
基因及其表达
|
|
| 作者: | 童克中 著 | |
| 分册: | ||
| 出版信息: | 北京 科学出版社 |
|
| 页数: | 290页 | |
| 开本: | 20cm | |
| 丛书名: | 现代遗传学丛书 | |
| 单 册: | ||
| 中图分类: | Q75 | |
| 科图分类: | ||
| 主题词: | 分子遗传学 | |
| 电子资源: | ||
| ISBN: | 7-03-004753-2 | |
| 000 | 00589nam2 2200217 45 | |
| 001 | 0405250937 | |
| 005 | 20040525093202.1 | |
| 010 | @a7-03-004753-2@b精装@dCNY19.00 | |
| 100 | @a20040525d km y0chiy0120 ea | |
| 101 | 0 | @achi |
| 105 | @a z 000yy | |
| 200 | 1 | @a基因及其表达@AJi Yin Ji Qi Biao Da@f童克中著@FTong Ke Zhong Zhu |
| 210 | @a北京@c科学出版社 | |
| 215 | @a290页@d20cm | |
| 225 | @a现代遗传学丛书 | |
| 410 | @12001 @a现代遗传学丛书 | |
| 606 | 0 | @a分子遗传学 |
| 690 | @aQ75@v3 | |
| 701 | 0 | @a童克中@4著 |
| 801 | @aCN@bTSTCL@c20040525 | |
| 905 | @f2@b280095-096@dQ75@e19 | |
| 基因及其表达/童克中著.-北京:科学出版社 |
| 290页;20cm.-(现代遗传学丛书) |
| ISBN 7-03-004753-2(精装):CNY19.00 |
| ● |
| 相关链接 |
|
|
|
|
正题名:基因及其表达
索取号:Q75/19
 
预约/预借
| 序号 | 登录号 | 条形码 | 馆藏地/架位号 | 状态 | 备注 |
| 1 | 0280095 | 002800954 | 第三借阅区/ [索取号:Q75/19] | 在馆 | |
| 2 | 0280096 | 002800963 | 第三借阅区/ [索取号:Q75/19] | 在馆 | |
| 3 | 0280097 | 002800972 | 第二样本阅览室/ [索取号:Q75/19] | 在馆 |